[Event "Oranjestad Aruba Challenge op"]
[Site "Oranjestad"]
[Date "2016.10.08"]
[Round "4.4"]
[White "Rodriguez Pirela, Luis Anibal"]
[Black "Boyer Censore, Giuseppe Enmanuel"]
[Result "0-1"]
[WhiteElo "1835"]
[BlackElo "2080"]
[PlyCount "60"]
[EventDate "2016.10.06"]
[EventType "swiss"]
[EventRounds "7"]
[EventCountry "ARN"]
[SourceTitle "EXT 2024"]
[Source "ChessBase"]
[SourceDate "2023.10.10"]
[SourceVersion "1"]
[SourceVersionDate "2023.10.10"]
[SourceQuality "1"]

1. d4 Nf6 2. e3 g6 3. Nd2 d5 4. Bd3 Bg7 5. f4 0-0 6. Ngf3 Bg4 7. 0-0 c5 8. c3 Qc7 9. h3 Bxf3 10. Nxf3 Nbd7 11. Ne5 Ne8 12. Qg4 Ndf6 13. Qh4 Nd6 14. f5 Nfe4 15. g4 Bf6 16. Qe1 gxf5 17. gxf5 Kh8 18. Kh2 Nc4 19. Bxe4 Nxe5 20. dxe5 Qxe5+ 21. Rf4 dxe4 22. Bd2 Bg5 23. c4 Bxf4+ 24. exf4 Qxf5 25. Bc3+ f6 26. Qe3 Rad8 27. Re1 Rd3 28. Qxe4 Qxh3+ 29. Kg1 Rg8+ 30. Kf2 Qh2+ 0-1